TV Debuts: 2016 Quiz Stats

 Plays Quiz Updated Oct 19, 2017

Also try: TV Debuts: 2015
Challenge
Share
Tweet
Score 0/20 Timer 06:00
0 Plays Today
Hint Answer % Correct
Stranger Things
81.2%
The Crown
57.9%
Atlanta
56.1%
This Is Us
52.5%
The Good Place
52.1%
Marvel's Luke Cage
49.4%
Full Frontal With Samantha Bee
46.5%
Westworld
43.2%
Angie Tribeca
25.8%
Speechless
24.7%
Hint Answer % Correct
Insecure
21.5%
American Housewife
20.3%
Better Things
12.6%
Search Party
12.3%
One Mississippi
8.2%
Lady Dynamite
6.8%
No Tomorrow
5.6%
Fleabag
5%
High Maintenance
4.6%
The Girlfriend Experience
3.9%

You're not logged in!

Compare scores with friends on all Sporcle quizzes.
Join for Free
OR
Log In

You Might Also Like...

Show Comments

Extras

Top Quizzes Today


Score Distribution

Your Account Isn't Verified!

In order to create a playlist on Sporcle, you need to verify the email address you used during registration. Go to your Sporcle Settings to finish the process.

Report this User

Report this user for behavior that violates our Community Guidelines.

Details: